Missing Word: Movies, Books & Music (G) Quiz Stats

 Plays Quiz Updated Jul 18, 2018

Challenge
Share
Tweet
Embed
Score 0/21 Timer 02:00
0 Plays Today
Hint Answer % Correct
MusicGet
98.2%
BooksGrey
98.1%
MusicGive
95.3%
BooksGreen
93.9%
MusicGrapevine
93.4%
MoviesGun
93.1%
MoviesGreatest
91.6%
MoviesGone
91.4%
BooksGrapes
90.4%
BooksGulliver's
87.9%
MoviesGrand
86.4%
Hint Answer % Correct
MusicGoode
85.3%
MoviesGuardians
78.3%
BooksGuinness
71.4%
MoviesGrosse
68%
MusicGangsta's
60.3%
BooksGuevara
58.7%
MusicGroovy
55.2%
MoviesGosford
47.4%
MusicGangnam
40.7%
BooksGod
36%

Today's Daily Dose

You're not logged in!

Compare scores with friends on all Sporcle quizzes.
OR
Log In

You Might Also Like...

Show Comments

Extras

Top Quizzes Today


Score Distribution

Your Account Isn't Verified!

In order to create a playlist on Sporcle, you need to verify the email address you used during registration. Go to your Sporcle Settings to finish the process.

Report this User

Report this user for behavior that violates our Community Guidelines.

Details: